Statistics for Geography Safe Cracker Challenge #4

Click here to take the quiz!

General Stats

  • This quiz has been taken 2,394 times
  • The average score is 23 of 42

Answer Stats

HintAnswer% Correct
UN Official LanguagesEnglish
100%
UN Official LanguagesFrench
99%
UN Official LanguagesSpanish
97%
UN Official LanguagesChinese
96%
UN Official LanguagesRussian
90%
UN Official LanguagesArabic
88%
UN Official Languages63123A
79%
Africa Island CountriesMadagascar
77%
Africa Island CountriesSeychelles
73%
Africa Island CountriesCape Verde
72%
Africa Island CountriesMauritius
70%
Africa Island CountriesSao Tome
70%
Africa Island CountriesComoros
69%
Africa Island CountriesEO45FD
65%
Europe MicronationsVatican City
65%
Europe MicronationsLiechtenstein
64%
Europe MicronationsAndorra
64%
Europe MicronationsMonaco
64%
Europe MicronationsSan Marino
64%
Europe MicronationsMalta
61%
Europe MicronationsC8D3ZW
59%
"K" CountriesKazakhstan
57%
"K" CountriesKyrgyzstan
55%
"K" CountriesKiribati
54%
"K" CountriesKenya
53%
"K" CountriesKuwait
50%
"K" CountriesKosovo
50%
"K" CountriesSS9R32
42%
Celtic NationsIreland
41%
Celtic NationsScotland
41%
Celtic NationsWales
40%
Celtic NationsIsle of Man
33%
Celtic NationsBrittany
27%
Celtic NationsCornwall
25%
Celtic NationsRJ6K63
23%
New England StatesMaine
20%
New England StatesMassachusetts
20%
New England StatesNew Hampshire
20%
New England StatesVermont
20%
New England StatesConnecticut
19%
New England StatesRhode Island
19%
New England States2G7DD1
16%

Score Distribution

Percentile by Number Answered

Percent of People with Each Score

Your Score History

You have not taken this quiz